Mélenchon, Robespierre ou les deux ? - Statistiques

Statistiques générales
  • Ce quiz a été pris 11 fois
  • Le résultat moyen est 6 sur 10
Statistiques - réponses
Question Réponse % Correct
C'est engagé très jeunes en politique Les deux
82%
Qui a été accusé par ses opposants de dérive autoritaire ? Les deux
82%
Qui était surnommé “l’Incorruptible” ? Maximilien de Robespierre
73%
Qui est né hors de la France métropolitaine ? Jean-Luc Mélenchon
64%
Qui a été député ? Les deux
64%
Qui a été ministre ? Jean-Luc Mélenchon
55%
Qui n'a pas d'enfants ? Maximilien de Robespierre
55%
Qui a été sénateur ? Jean-Luc Mélenchon
45%
Qui a fait ses études à Louis-le-Grand ? Maximilien de Robespierre
45%
Qui a défendu l’abolition de la peine de mort ? Les deux
9%
Aucun quiz correspondant
Distribution des résultats
% des personnes avec chaque résultat
Percentile par nombre de réponses
Votre historique - résultats
Vous n’avez pas pris ce quiz